Find the Food in French Quiz Stats

 Plays Quiz Updated Jan 4, 2018

Challenge
Share
Tweet
Score 0/20 Timer 05:00
0 Plays Today
% Correct
Brocoli
96.9%
Olive
96.5%
Salade
95.4%
Raisins
94.9%
Frites
94.1%
Sucre
92.5%
Fromage
90.9%
Maïs
90.5%
Pain
89.4%
Crème glacée
89%
% Correct
Jambon
88.5%
Oeuf
87%
Ananas
83.8%
Gâteau
82.3%
Champignon
81.1%
Pomme
78.3%
Pomme de terre
78.2%
Fraise
78.1%
Pâtes
68.4%
Panais
54%

You're not logged in!

Compare scores with friends on all Sporcle quizzes.
OR
Log In

You Might Also Like...

Show Comments

Extras

Top Quizzes Today


Score Distribution

Your Account Isn't Verified!

In order to create a playlist on Sporcle, you need to verify the email address you used during registration. Go to your Sporcle Settings to finish the process.

Report this User

Report this user for behavior that violates our Community Guidelines.

Details: